| 000 | 00459cam a2200157ua 4500 | ||
|---|---|---|---|
| 041 |
_aeng _h |
||
| 082 |
_a028.72629 _bJUD/MO |
||
| 100 | _aJudge, Arthur W . | ||
| 245 |
_aMotor manuals: A series for all motor owners and users modern transmission systems vol-5 / _cArthur W Judge. _hTextual Documents |
||
| 250 |
_a1 / _b. |
||
| 260 |
_aMumbai : _bAsia Publishing House , _c1962. |
||
| 300 | _a430 ; . | ||
| 504 | _a | ||
| 942 | _cBK | ||
| 999 |
_c6760 _d6760 |
||